| 000 | 00772nam a22002177a 4500 | ||
|---|---|---|---|
| 003 | OSt | ||
| 005 | 20251126120805.0 | ||
| 008 | 251126b |||||||| |||| 00| 0 eng d | ||
| 020 | _a978-621-427-257-0 | ||
| 040 |
_aDWCL Main-Lib _cOC |
||
| 082 | _aFil.658.15 A923f 2025 | ||
| 100 | _aAgustin-Acierto, Marife | ||
| 245 |
_aFinancial management _cMarife Agustin-Acierto, Mary Joy M. Sumapid, and Gilfred Abad Acierto |
||
| 260 |
_aManila, Philippines: _bUnlimited Books Library Services & Publishing Inc., _cc2025. |
||
| 300 |
_ax, 223 pages: _b illustrations; _c23 cm. |
||
| 504 | _aIncludes bibliographical references. | ||
| 650 | _a1. Financial management. | ||
| 700 | _aSumapid, Mary Joy M. | ||
| 700 | _aAcierto, Gilfred Abad | ||
| 942 |
_2ddc _cBK - FIL _kFil. _n0 |
||
| 999 |
_c6395 _d6395 |
||